| 000 | 01644nam a2200505 i 4500 | ||
|---|---|---|---|
| 001 | 4705 | ||
| 003 | KOSZ 005 | ||
| 005 | 20210215143747.0 | ||
| 008 | 970513s1992 pl a f f |001 0 pol | ||
| 015 | _aUWD 1992/755 | ||
| 020 | _a8321334970 | ||
| 035 | _a991001199019705066 | ||
| 035 | _a(PL-WaBN)b10352843-48omnis_nlop | ||
| 035 | _ab10352843 | ||
| 035 | _a(OCoLC)749837306 | ||
| 035 | _a(PL)b0000001035284 | ||
| 035 | _a(EXLNZ-48OMNIS_NETWORK)9910117959405606 | ||
| 040 |
_aWA N _cWA N _dKOSZ 005/HR |
||
| 046 | _k1992 | ||
| 080 | _a628.1/.3(1-22) | ||
| 080 | _a(075.8) | ||
| 100 | 1 |
_aSzpindor, Adam _d(1924-2001) _eAutor |
|
| 245 | 1 | 0 |
_aZaopatrzenie w wodę i kanalizacja wsi / _cAdam Szpindor. |
| 260 |
_aWarszawa : _b"Arkady", _c1992. |
||
| 300 |
_a466, [1] s. : _b1 mapa, rys., wykr. ; _c24 cm. |
||
| 336 |
_aTekst _btxt _2rdacontent |
||
| 337 |
_aBez urządzenia pośredniczącego _bn _2rdamedia |
||
| 338 |
_aWolumin _bnc _2rdacarrier |
||
| 380 | _aKsiążki | ||
| 380 | _aPublikacje dydaktyczne | ||
| 385 |
_mPoziom nauczania _aSzkoły wyższe |
||
| 388 | _a1901-2000 | ||
| 388 | _a1989-2000 | ||
| 504 | _aBibliogr. s. 450-456, normy 457-461. - Indeks. | ||
| 650 | 7 |
_aKanalizacja _2DBN |
|
| 650 | 7 |
_aWsie _2DBN |
|
| 650 | 7 |
_aWodociąg _2DBN |
|
| 650 | 7 | _aZaopatrzenie w wodę | |
| 655 | 7 |
_aPodręczniki akademickie _2DBN |
|
| 658 | _aInżynieria i technika | ||
| 710 | 2 |
_aWydawnictwo Arkady _4pbl |
|
| 856 |
_uhttp://koha.tu.koszalin.pl/cgi-bin/koha/opac-detail.pl?biblionumber=4705 _yKatalog online BPK |
||
| 942 |
_2UKD _cKS |
||
| 999 |
_c4705 _d4705 |
||